| 000 | 00538nam a22002057a 4500 | ||
|---|---|---|---|
| 003 | OSt | ||
| 005 | 20140310183130.0 | ||
| 008 | 130228t xxu||||| |||| 00| 0 eng d | ||
| 020 | _a9789712348730 | ||
| 050 |
_aQH 308.5 _b.M518 2007 |
||
| 082 |
_aFIL 576.822 _bM48 2007 |
||
| 245 |
_aIntroduction to biology _cMelchor, Marciano B. |
||
| 260 |
_aManila _bRex Book Store _cc2007 |
||
| 300 |
_a152 p. _bill. _c22 cm. |
||
| 521 | _aCollege students | ||
| 526 | _c1210L-1700L | ||
| 541 | _j1 | ||
| 562 | _e1 | ||
| 942 |
_2lcc _cBK _kFIL |
||
| 999 |
_c19113 _d19113 |
||